[Event "GRE-ch U14"]
[Site "Peristeri"]
[Date "2024.06.26"]
[Round "7"]
[White "Stavropoulos, Sotirios"]
[Black "Patrinos, Ektor"]
[Result "1-0"]
[WhiteElo "1767"]
[BlackElo "1573"]
[PlyCount "137"]
[EventDate "2024.06.22"]
[EventType "swiss"]
[EventRounds "9"]
[EventCountry "GRE"]
[SourceTitle "EXT 2025"]
[Source "ChessBase"]
[SourceDate "2024.10.14"]
[SourceVersion "1"]
[SourceVersionDate "2024.10.14"]
[SourceQuality "1"]

1. Nf3 d5 2. d4 Bf5 3. e3 c5 4. c4 Nf6 5. Nc3 e6 6. a3 Nc6 7. Be2 dxc4 8. Bxc4 cxd4 9. exd4 Be7 10. 0-0 0-0 11. h3 Qd7 12. Be3 Rfd8 13. Qe2 Bf8 14. Rfd1 Ne7 15. Ne5 Qc8 16. Rac1 Nc6 17. Nxc6 bxc6 18. Bg5 Be7 19. Bxf6 Bxf6 20. d5 cxd5 21. Nxd5 exd5 22. Bxd5 Qb8 23. Bxa8 Rxd1+ 24. Qxd1 Qxa8 25. Qa4 g6 26. Rc7 Qe4 27. Qxe4 Bxe4 28. b4 a6 29. a4 Kg7 30. b5 axb5 31. axb5 h5 32. Rd7 Bf5 33. Rd2 Bc3 34. Rd1 Ba5 35. Ra1 Bc7 36. Ra7 Bb6 37. Ra6 Bc7 38. b6 Bc8 39. Ra8 Bxb6 40. Rxc8 Bd4 41. Rc4 Bb6 42. Rc6 Bd4 43. Kf1 Ba7 44. Ke2 Bd4 45. g3 g5 46. Rd6 Ba7 47. g4 h4 48. f3 Bb8 49. Rc6 Be5 50. Kd3 f6 51. Ke4 Kg6 52. Kd5 Bb2 53. Ke6 Ba3 54. Rc8 Bb4 55. Rg8+ Kh7 56. Kf7 Bc3 57. Rg7+ Kh6 58. Rg6+ Kh7 59. Rxf6 Bd2 60. Ke6 Kg7 61. Kf5 Bc3 62. Rg6+ Kh8 63. Kxg5 Be1 64. Rh6+ Kg7 65. Rxh4 Bxh4+ 66. Kxh4 Kh6 67. g5+ Kh7 68. Kg4 Kh8 69. h4 1-0